000 00240nam a2200097Ia 4500
008 190216s9999||||xx |||||||||||||| ||und||
100 _aKhene
245 0 _aHindi-Chayavadh Ke Sohrare Chinth
260 _bMac Millian And Com. Ltd
942 _cBK
999 _c17265
_d17265